Rock N Roll Drummers - Statistics

General Stats
  • This quiz has been taken 104 times
  • The average score is 9 of 19
Answer Stats
Hint Answer % Correct
The Beatles Ringo Starr/Richard Starkley
94%
Nirvana Dave Grohl
86%
Led Zeppelin John Bonham
85%
The Who Keith Moon
75%
Van Halen Alex Van Halen
69%
The White Stripes Meg White
68%
Queen Roger Taylor
66%
Red Hot Chili Peppers Chad Smith
63%
The Rolling Stones Charlie Watts
63%
Fleetwood Mac Mick Fleetwood
52%
Green Day Tre Cool
44%
Pink Floyd Nick Mason
41%
U2 Larry Mullen Jr.
31%
AC/DC Phil Rudd
31%
Black Sabbath Bill Ward
29%
Guns N' Roses(Appetite for Destruction) Steven Adler
25%
Creedence Clearwater Revival Doug Clifford
14%
Modest Mouse Jeremiah Green
3%
Linkin Park Rob Bourdon
3%
No matching quizzes found
Score Distribution
Percent of People with Each Score
Percentile by Number Answered
Your Score History
You have not taken this quiz